000 00474nam a22002057a 4500
001 21585
005 20260318153424.0
008 260318b |||||||| |||| 00| 0 spa d
041 _aESP
082 _a343.83
_bC77
100 _aCornejo Alpaca, Alfonso Ricardo
_eAUT
245 _aDerecho aduanero
260 _a :
_b ,
_c2007
300 _a411 páginas :
_b ;
_c00 cm.
440 _a ;
650 _aDER
654 _aCDE
700 _a;
942 _cLIB
_dJUS
_fJUS
_2ddc
999 _c21585
_d21585